[Event "SG Ahaus-Wessum 1 - SC Steinfurt 1"]
[Site "Regionalliga Münsterland 2019"]
[Date "2020.01.11"]
[Round "5.1"]
[White "Rieke, Theo"]
[Black "Wensing, Maximilian"]
[Result "1/2-1/2"]
[WhiteElo "1947"]
[BlackElo "2110"]
[PlyCount "106"]
[EventDate "2020.??.??"]
[SourceDate "2019.09.14"]

1. Nf3 Nf6 2. c4 g6 3. d4 Bg7 4. Nc3 d5 5. Qb3 dxc4 6. Qxc4 a6 7. e4 b5 8. Qb3
Bb7 9. e5 Nd5 10. Be2 O-O 11. O-O Nxc3 12. Qxc3 Nd7 13. Ng5 h6 14. Bf3 Bxf3 15.
Nxf3 c5 16. Be3 c4 17. d5 Nb6 18. Qd2 Nxd5 19. Bxh6 Nc7 20. Qe3 Ne6 21. Rfd1
Qc7 22. h4 Qa7 23. Rac1 Qxe3 24. Bxe3 Rfd8 25. Kf1 Rxd1+ 26. Rxd1 Rd8 27. Ke2
Kf8 28. Nd4 Nc7 29. f4 f6 30. Nc6 Rxd1 31. Kxd1 Nd5 32. Bd2 fxe5 33. fxe5 Kf7
34. g4 Ke6 35. h5 gxh5 36. gxh5 Bxe5 37. Nxe5 Kxe5 38. h6 Kf6 39. Ke2 Kg6 40.
a3 Nb6 41. Ke3 Na4 42. Bc1 e5 43. Ke4 Nc5+ 44. Kd5 Nd3 45. Bd2 Nxb2 46. Kxe5
Na4 47. Kd4 Kh7 48. Bc1 a5 49. Bd2 c3 50. Bxc3 Nxc3 51. Kxc3 b4+ 52. axb4 axb4+
53. Kxb4 Kxh6 1/2-1/2

[Event "SG Ahaus-Wessum 1 - SC Steinfurt 1"]
[Site "Regionalliga Münsterland 2019"]
[Date "2020.01.11"]
[Round "5.2"]
[White "Schulze Ameling, Hendrik"]
[Black "Arning, Marcus"]
[Result "0-1"]
[WhiteElo "2004"]
[BlackElo "1927"]
[PlyCount "50"]
[EventDate "2020.??.??"]
[SourceDate "2019.09.14"]

1. d4 d5 2. Nf3 e6 3. c4 Nf6 4. Nc3 Nbd7 5. e3 c6 6. Bd3 dxc4 7. Bxc4 b5 8. Bd3
b4 9. Ne2 c5 10. O-O Be7 11. b3 O-O 12. Bb2 a5 13. Ne5 Bb7 14. Nf4 a4 15. Rb1
Ne4 16. Nxf7 Rxf7 17. Nxe6 Qa5 18. Bc4 Nb6 19. Nxc5 Nxc4 20. Nxb7 Nxb2 21. Qc2
Qd5 22. Rxb2 a3 23. Rbb1 Qxb7 24. f3 Nc3 25. Rbc1 Bf6 0-1

[Event "SG Ahaus-Wessum 1 - SC Steinfurt 1"]
[Site "Regionalliga Münsterland 2019"]
[Date "2020.01.11"]
[Round "5.3"]
[White "Yust, Evgeniy"]
[Black "Rosing, Hermann"]
[Result "0-1"]
[WhiteElo "1914"]
[BlackElo "1980"]
[PlyCount "46"]
[EventDate "2020.??.??"]
[SourceDate "2019.09.14"]

1. e4 e5 2. Nf3 Nc6 3. Bb5 f5 4. d3 fxe4 5. dxe4 Nf6 6. O-O Bc5 7. Bxc6 bxc6 8.
Nxe5 O-O 9. Nc3 Qe8 10. Nd3 Bd4 11. Re1 d6 12. Be3 Bxc3 13. bxc3 Qxe4 14. Bd4
Qh4 15. g3 Qh6 16. Re7 Rf7 17. Rxf7 Kxf7 18. Qf3 Bd7 19. Be3 Qg6 20. Rb1 Kg8
21. Rb7 Rf8 22. Qg2 Qh5 23. Qf1 Ng4 0-1

[Event "SG Ahaus-Wessum 1 - SC Steinfurt 1"]
[Site "Regionalliga Münsterland 2019"]
[Date "2020.01.11"]
[Round "5.4"]
[White "Diehlmann, Christian"]
[Black "Schulz, Joachim"]
[Result "1-0"]
[WhiteElo "1936"]
[BlackElo "1896"]
[PlyCount "75"]
[EventDate "2020.??.??"]
[SourceDate "2019.09.14"]

1. d4 d5 2. Nf3 e6 3. c4 Nf6 4. Nc3 c6 5. e3 Nbd7 6. Bd3 dxc4 7. Bxc4 b5 8. Bd3
a6 9. O-O Bb7 10. b3 c5 11. Bb2 Be7 12. Rc1 O-O 13. Qe2 Qb6 14. Rfd1 Rfd8 15.
Ne5 Nxe5 16. dxe5 Nd5 17. Ne4 Nb4 18. Bb1 Rxd1+ 19. Rxd1 Bxe4 20. Bxe4 Rd8 21.
a3 Nd5 22. Qf3 Qa5 23. g3 Nc3 24. Rxd8+ Bxd8 25. Bc2 Nd5 26. Qd1 Qc7 27. Be4
Nb6 28. f4 Be7 29. f5 exf5 30. Bxf5 Qc6 31. Qg4 Qh6 32. Qe4 Bg5 33. e6 Bxe3+
34. Kg2 fxe6 35. Bxe6+ Kf8 36. Qf5+ Ke8 37. Qf7+ Kd8 38. Be5 1-0

[Event "SG Ahaus-Wessum 1 - SC Steinfurt 1"]
[Site "Regionalliga Münsterland 2019"]
[Date "2020.01.11"]
[Round "5.5"]
[White "Janning, Rainer"]
[Black "Winking, Hendrik"]
[Result "0-1"]
[WhiteElo "1888"]
[BlackElo "1937"]
[PlyCount "56"]
[EventDate "2020.??.??"]
[SourceDate "2019.09.14"]

1. f4 b6 2. e4 Bb7 3. d3 e6 4. Nf3 d5 5. e5 c5 6. c3 Ne7 7. g3 Nf5 8. Bg2 Be7
9. O-O O-O 10. b3 Nc6 11. Na3 d4 12. c4 a6 13. Nc2 b5 14. Qe2 Na5 15. Nd2 Bxg2
16. Kxg2 Rb8 17. Rd1 Qc7 18. Nf3 bxc4 19. bxc4 Nc6 20. g4 Nh4+ 21. Nxh4 Bxh4
22. Ba3 Be7 23. g5 Rfd8 24. h4 Bf8 25. Qe1 Ne7 26. Rab1 Nf5 27. Qf2 Qa5 28. h5
Ne3+ 0-1

[Event "SG Ahaus-Wessum 1 - SC Steinfurt 1"]
[Site "Regionalliga Münsterland 2019"]
[Date "2020.01.11"]
[Round "5.6"]
[White "Terdues, Guido"]
[Black "Wild, Helmut"]
[Result "1-0"]
[WhiteElo "1734"]
[BlackElo "1871"]
[PlyCount "95"]
[EventDate "2020.??.??"]
[SourceDate "2019.09.14"]

1. f4 d5 2. Nf3 Nf6 3. e3 Bf5 4. b3 e6 5. Bb2 Nbd7 6. Be2 h6 7. O-O Be7 8. d3
O-O 9. Qe1 Bh7 10. Nbd2 c5 11. Qg3 a6 12. Ne5 Nxe5 13. Bxe5 Ne8 14. Nf3 b5 15.
Bb2 Bf5 16. Ne5 Rc8 17. Bg4 Bf6 18. a4 b4 19. Rad1 Kh7 20. e4 Bxg4 21. Qxg4 Qc7
22. exd5 exd5 23. Nd7 Bxb2 24. Nxf8+ Kg8 25. Nd7 c4 26. dxc4 dxc4 27. Ne5 cxb3
28. cxb3 Nf6 29. Qh3 Qb6+ 30. Kh1 Rc3 31. Rd3 Ne4 32. Rxc3 Nf2+ 33. Rxf2 bxc3
34. Qc8+ Kh7 35. Qf5+ Kg8 36. Qxf7+ Kh7 37. Qg6+ Kg8 38. Qc2 Qe3 39. g3 Ba3 40.
Kg2 Bc5 41. Rf3 Qg1+ 42. Kh3 Bd4 43. Rxc3 Qf1+ 44. Kg4 Bxc3 45. Qxc3 Qd1+ 46.
Qf3 Qc2 47. Qd5+ Kh7 48. Qd3+ 1-0

[Event "SG Ahaus-Wessum 1 - SC Steinfurt 1"]
[Site "Regionalliga Münsterland 2019"]
[Date "2020.01.11"]
[Round "5.7"]
[White "Haselhorst, Helmut"]
[Black "Messelink, Gerrit"]
[Result "1/2-1/2"]
[WhiteElo "2025"]
[BlackElo "1768"]
[PlyCount "61"]
[EventDate "2020.??.??"]
[SourceDate "2019.09.14"]

1. Nf3 Nf6 2. c4 c6 3. d4 d5 4. cxd5 cxd5 5. Nc3 Nc6 6. Bf4 e6 7. e3 Bb4 8. Bd3
Qa5 9. Qb3 O-O 10. O-O Bxc3 11. bxc3 a6 12. a4 Nh5 13. Bd6 Re8 14. h3 Qd8 15.
Bh2 Re7 16. Rfb1 Nf6 17. Ne5 Bd7 18. Qb6 Qxb6 19. Rxb6 Na5 20. c4 dxc4 21. Bxc4
Rc8 22. Bf1 Nd5 23. Rb2 Nc3 24. Nxd7 Rxd7 25. Rc2 Rc6 26. Bd3 Nd5 27. Rxc6 Nxc6
28. Rc1 f6 29. Bxa6 Nxd4 30. exd4 bxa6 31. Kf1 1/2-1/2

[Event "SG Ahaus-Wessum 1 - SC Steinfurt 1"]
[Site "Regionalliga Münsterland 2019"]
[Date "2020.01.11"]
[Round "5.8"]
[White "Resing, Marvin"]
[Black "Raus, Michael"]
[Result "1/2-1/2"]
[WhiteElo "1772"]
[BlackElo "1716"]
[PlyCount "51"]
[EventDate "2020.??.??"]
[SourceDate "2019.09.14"]

1. e4 e6 2. Qe2 c5 3. c3 Nc6 4. g3 d6 5. Bg2 Nf6 6. Nf3 Be7 7. O-O O-O 8. d4
Qc7 9. Bf4 e5 10. dxe5 dxe5 11. Bg5 a6 12. Na3 b5 13. Nc2 Be6 14. Nd2 Rab8 15.
Ne3 Ne8 16. Bxe7 Nxe7 17. b3 Nd6 18. Nd5 Qd7 19. Rfd1 Kh8 20. Nf3 f6 21. c4
bxc4 22. bxc4 Nc6 23. Rab1 Nd4 24. Nxd4 exd4 25. Qc2 Rfe8 26. Re1 1/2-1/2

[Event "SG Turm Raesfeld/Erle 2 - SC Klein-Berl"]
[Site "Regionalliga Münsterland 2019"]
[Date "2020.01.11"]
[Round "5.1"]
[White "Bruemmer, Frank"]
[Black "Pliete, Christian"]
[Result "1-0"]
[WhiteElo "2198"]
[BlackElo "1835"]
[PlyCount "79"]
[EventDate "2020.??.??"]
[SourceDate "2019.09.14"]

1. d4 Nf6 2. c4 c5 3. d5 e6 4. Nc3 exd5 5. cxd5 d6 6. e4 g6 7. f4 Bg7 8. Bb5+
Nfd7 9. a4 O-O 10. Nf3 Na6 11. O-O Nc7 12. Bd3 Nf6 13. Nd2 b6 14. Qf3 Qd7 15.
Nc4 Ba6 16. f5 Bxc4 17. Bxc4 Qe7 18. Bg5 Qe5 19. Rad1 Nd7 20. Bh4 Bf6 21. Qh3
Bxh4 22. Qxh4 Kg7 23. Rf2 Qf6 24. Qh3 Ne5 25. fxg6 Qxg6 26. Be2 Rg8 27. Rdf1
Raf8 28. Rf5 Qh6 29. Rh5 Qg6 30. Rff5 f6 31. Nd1 Re8 32. Rf4 Re7 33. Ne3 Kh8
34. Nf5 Rd7 35. Rfh4 Ne8 36. Rh6 Qf7 37. Bh5 Ng6 38. Bxg6 Rxg6 39. Rxg6 Qxg6
40. Rg4 1-0

[Event "SG Turm Raesfeld/Erle 2 - SC Klein-Berl"]
[Site "Regionalliga Münsterland 2019"]
[Date "2020.01.11"]
[Round "5.2"]
[White "Kadenbach, Wolfgang"]
[Black "Henneberger, Sven"]
[Result "0-1"]
[WhiteElo "1775"]
[BlackElo "2058"]
[PlyCount "72"]
[EventDate "2020.??.??"]
[SourceDate "2019.09.14"]

1. d4 Nf6 2. c4 c5 3. d5 b5 4. Nc3 b4 5. Nb1 g6 6. b3 Bg7 7. Bb2 O-O 8. g3 d6
9. Bg2 a5 10. Nd2 a4 11. Ngf3 a3 12. Bxf6 Bxf6 13. O-O Bb7 14. h4 e6 15. e4
Bxa1 16. Qxa1 e5 17. Nh2 Nd7 18. f4 exf4 19. Ng4 h5 20. Nh6+ Kh7 21. Nf5 gxf5
22. Bh3 Qf6 23. Bxf5+ Kg7 24. Qd1 Qd4+ 25. Kh1 Nf6 26. gxf4 Rg8 27. Qe2 Rae8
28. Nf3 Qb2 29. Qe3 Kf8 30. Ng5 Qxa2 31. e5 Qb2 32. Re1 Nxd5 33. Nh7+ Ke7 34.
exd6+ Kxd6 35. Qe5+ Rxe5 36. fxe5+ Kc7 0-1

[Event "SG Turm Raesfeld/Erle 2 - SC Klein-Berl"]
[Site "Regionalliga Münsterland 2019"]
[Date "2020.01.11"]
[Round "5.4"]
[White "Boelker, Franz"]
[Black "Langhans, Joerg"]
[Result "1/2-1/2"]
[WhiteElo "1762"]
[BlackElo "1947"]
[PlyCount "84"]
[EventDate "2020.??.??"]
[SourceDate "2019.09.14"]

1. d4 d5 2. c4 e6 3. Nc3 Nf6 4. Bg5 Be7 5. e3 O-O 6. Nf3 h6 7. Bh4 b6 8. Rc1
Bb7 9. Bd3 Nbd7 10. O-O c5 11. Qe2 Ne4 12. Bxe7 Qxe7 13. cxd5 exd5 14. Ba6 Ndf6
15. Bxb7 Qxb7 16. Rfd1 c4 17. Ne5 b5 18. Ng4 Nxg4 19. Qxg4 Rfe8 20. Qf5 Rad8
21. Nxe4 Rxe4 22. b3 Re6 23. bxc4 dxc4 24. d5 Red6 25. e4 Qa6 26. Rd2 Qa3 27.
Rdc2 Qd3 28. Qf3 Qd4 29. Rd1 Qc5 30. Qc3 Ra6 31. Qd4 Qxd4 32. Rxd4 Ra3 33. Kf1
f6 34. f4 Kf7 35. e5 Ke7 36. Ke2 g5 37. fxg5 fxe5 38. Rh4 hxg5 39. Rh7+ Kf6 40.
Rb7 Rxd5 41. Rb2 a6 42. Ke1 Rd4 1/2-1/2

[Event "SG Turm Raesfeld/Erle 2 - SC Klein-Berl"]
[Site "Regionalliga Münsterland 2019"]
[Date "2020.01.11"]
[Round "5.5"]
[White "Langhanke, Guenther"]
[Black "Terhart, Juergen"]
[Result "1/2-1/2"]
[WhiteElo "1942"]
[BlackElo "1776"]
[PlyCount "41"]
[EventDate "2020.??.??"]
[SourceDate "2019.09.14"]

1. e4 c6 2. d4 d5 3. exd5 cxd5 4. Bd3 Nc6 5. c3 Nf6 6. Bf4 Bg4 7. Qb3 Qd7 8.
Nd2 a6 9. Ngf3 e6 10. O-O Nh5 11. Be3 Bd6 12. h3 Bxf3 13. Nxf3 O-O 14. Qc2 f5
15. Rfe1 Rae8 16. Rad1 Bb8 17. Bc1 Qc7 18. Ne5 Nxe5 19. dxe5 g6 20. Qe2 f4 21.
Qf3 1/2-1/2

[Event "SG Turm Raesfeld/Erle 2 - SC Klein-Berl"]
[Site "Regionalliga Münsterland 2019"]
[Date "2020.01.11"]
[Round "5.6"]
[White "Suer, Julian"]
[Black "Bruemmer, Andreas"]
[Result "0-1"]
[WhiteElo "1779"]
[BlackElo "1917"]
[PlyCount "80"]
[EventDate "2020.??.??"]
[SourceDate "2019.09.14"]

1. e4 c5 2. d4 cxd4 3. c3 dxc3 4. Nxc3 Nc6 5. Nf3 e6 6. Bc4 Qc7 7. O-O Nf6 8.
e5 Nxe5 9. Nxe5 Qxe5 10. Re1 Qc7 11. Bb3 Be7 12. Be3 O-O 13. Rc1 Qa5 14. Bf4 b5
15. Qf3 Ba6 16. Ne4 Rac8 17. Be5 Nxe4 18. Qxe4 f5 19. Qd4 Rxc1 20. Rxc1 Rc8 21.
Rd1 d5 22. Bxg7 Qb6 23. Qe5 Qd6 24. Qd4 b4 25. Bh6 Bf8 26. Bxf8 Rxf8 27. Qxa7
Rc8 28. Qe3 f4 29. Qf3 Qe5 30. Qg4+ Kh8 31. Qh4 f3 32. g3 Be2 33. Re1 Qxb2 34.
Qxb4 Qc3 35. Qxc3+ Rxc3 36. h4 d4 37. Bxe6 d3 38. Bb3 d2 39. Rf1 Bxf1 40. Kxf1
Rxb3 0-1

[Event "SG Turm Raesfeld/Erle 2 - SC Klein-Berl"]
[Site "Regionalliga Münsterland 2019"]
[Date "2020.01.11"]
[Round "5.7"]
[White "Kornick, Ulrich"]
[Black "Droste, Laurenz"]
[Result "1/2-1/2"]
[WhiteElo "1912"]
[BlackElo "1604"]
[PlyCount "70"]
[EventDate "2020.??.??"]
[SourceDate "2019.09.14"]

1. d4 e6 2. e4 b6 3. Bd3 Bb7 4. f4 c5 5. c3 cxd4 6. cxd4 Nc6 7. Nf3 Bb4+ 8. Nc3
Rc8 9. Bd2 Nge7 10. O-O O-O 11. f5 exf5 12. exf5 Bxc3 13. bxc3 Nd5 14. Ng5 Nf6
15. Ne4 Nxe4 16. Bxe4 Qf6 17. Qg4 Ba6 18. Bg5 Qd6 19. Bf4 Qf6 20. Rf2 Nxd4 21.
cxd4 Qxd4 22. Re1 Rce8 23. Bh6 Rxe4 24. Qxe4 Qxe4 25. Rxe4 gxh6 26. Ra4 Bb5 27.
Rxa7 Re8 28. h3 Bc6 29. Ra3 f6 30. Rd3 Kf7 31. a3 b5 32. Kh2 Re5 33. Kg3 Re4
34. Rf4 Re2 35. Rf2 Re4 1/2-1/2

[Event "SG Turm Raesfeld/Erle 2 - SC Klein-Berl"]
[Site "Regionalliga Münsterland 2019"]
[Date "2020.01.11"]
[Round "5.8"]
[White "Aschenbrenner, Guenter"]
[Black "Ratert, Matthias"]
[Result "0-1"]
[WhiteElo "1503"]
[BlackElo "1857"]
[PlyCount "114"]
[EventDate "2020.??.??"]
[SourceDate "2019.09.14"]

1. e4 e5 2. Nf3 Nf6 3. Nxe5 d6 4. Nf3 Nxe4 5. Qe2 Qe7 6. d3 Nf6 7. Nc3 Be6 8.
Bg5 Nc6 9. d4 d5 10. h3 O-O-O 11. O-O-O h6 12. Bf4 Qb4 13. Qb5 Ne4 14. Qxb4
Bxb4 15. Nxe4 dxe4 16. c3 exf3 17. cxb4 Nxb4 18. a3 Nc6 19. Be3 Bd5 20. g3 g5
21. Bd3 a6 22. b4 Be6 23. g4 Nxd4 24. Be4 Nb5 25. Kb2 Nd6 26. Bxf3 Nc4+ 27. Kc3
Nxa3 28. Be2 Bd5 29. Rhg1 Bc6 30. Ra1 Nb5+ 31. Bxb5 Bxb5 32. Rad1 Rxd1 33. Rxd1
Rd8 34. Rxd8+ Kxd8 35. Bd4 Bf1 36. Bf6+ Kd7 37. h4 gxh4 38. Bxh4 Bh3 39. g5 h5
40. Kd4 b6 41. Ke5 a5 42. bxa5 bxa5 43. f4 a4 44. Bf2 a3 45. Bd4 a2 46. f5 Bf1
47. g6 fxg6 48. fxg6 c5 49. Bc3 Bc4 50. Kf4 Bd3 51. g7 Bc4 52. Kg5 Bf7 53. g8=Q
Bxg8 54. Kxh5 Ke6 55. Kg4 Kd5 56. Kf4 Kc4 57. Ba1 Kd3 0-1

[Event "SK Bocholt 1 - TV Borken 1"]
[Site "Regionalliga Münsterland 2019"]
[Date "2020.01.11"]
[Round "5.2"]
[White "Liesmann, Karsten"]
[Black "Schroer, Klaus"]
[Result "1-0"]
[WhiteElo "1996"]
[BlackElo "2001"]
[PlyCount "55"]
[EventDate "2020.??.??"]
[SourceDate "2019.09.14"]

1. d4 d5 2. Nf3 Nf6 3. e3 e6 4. Bd3 Bd6 5. O-O Nbd7 6. Nbd2 O-O 7. Re1 c5 8. c3
Qc7 9. e4 dxe4 10. Nxe4 Nxe4 11. Rxe4 Re8 12. Rh4 Nf8 13. Ng5 h6 14. Qh5 c4 15.
Bc2 e5 16. Be3 b5 17. Be4 Bb7 18. d5 Qd7 19. Nf3 Re7 20. Bxh6 gxh6 21. Qxh6 f5
22. Qh8+ Kf7 23. Qh5+ Kg8 24. Bxf5 Rh7 25. Bxh7+ Qxh7 26. Rg4+ Kh8 27. Qg5 Qf7
28. Nxe5 1-0

[Event "SK Bocholt 1 - TV Borken 1"]
[Site "Regionalliga Münsterland 2019"]
[Date "2020.01.11"]
[Round "5.3"]
[White "Beckmann, David"]
[Black "Hunhoff, Sebastian"]
[Result "1/2-1/2"]
[WhiteElo "2009"]
[BlackElo "1918"]
[PlyCount "91"]
[EventDate "2020.??.??"]
[SourceDate "2019.09.14"]

1. d4 d5 2. Bf4 c6 3. c3 Nf6 4. e3 e6 5. Bd3 Bd6 6. Bg3 Qc7 7. Nd2 Nbd7 8. Ngf3
e5 9. dxe5 Nxe5 10. Nxe5 Bxe5 11. Qc2 Bg4 12. f4 Bd6 13. h3 Bd7 14. O-O-O O-O-O
15. Bh4 Rde8 16. Bxf6 gxf6 17. Rhe1 h5 18. Bf5 Bc5 19. Bxd7+ Qxd7 20. e4 Bf2
21. Rf1 Be3 22. exd5 Qxd5 23. Kb1 Qxg2 24. Qf5+ Kb8 25. Nc4 Qe4+ 26. Qxe4 Rxe4
27. Nd6 Rxf4 28. Nxf7 Rf8 29. Rxf4 Bxf4 30. Nd8 Re8 31. Nf7 Re7 32. Nh8 Rg7 33.
Rd8+ Kc7 34. Rf8 Be5 35. Nf7 Rg3 36. Nxe5 fxe5 37. Rf5 Rxh3 38. Rxe5 h4 39.
Re7+ Kb6 40. Rh7 Rh2 41. a3 a5 42. a4 h3 43. Ka2 Rh1 44. Rh5 h2 45. Kb3 Ka6 46.
Rh6 1/2-1/2

[Event "SK Bocholt 1 - TV Borken 1"]
[Site "Regionalliga Münsterland 2019"]
[Date "2020.01.11"]
[Round "5.4"]
[White "Naumann, Felix"]
[Black "Vijayakumaran, Vithoosan"]
[Result "1-0"]
[WhiteElo "1886"]
[BlackElo "1764"]
[PlyCount "83"]
[EventDate "2020.??.??"]
[SourceDate "2019.09.14"]

1. d4 d5 2. Nf3 Nf6 3. Bf4 c5 4. c3 Qb6 5. Qb3 c4 6. Qc2 Nc6 7. Nbd2 g6 8. e3
Bf5 9. Qc1 Rc8 10. h3 h5 11. Be2 Bg7 12. O-O Ne4 13. Nxe4 dxe4 14. Nd2 Na5 15.
Kh1 Bf6 16. f3 g5 17. fxe4 gxf4 18. exf5 fxe3 19. Ne4 Rc7 20. Qxe3 Kd8 21. Rab1
Kc8 22. Bf3 Kd8 23. Rfe1 Bh4 24. Re2 Qh6 25. g3 Bf6 26. Qxh6 Rxh6 27. Nxf6 Rxf6
28. g4 hxg4 29. hxg4 e6 30. Re5 Nc6 31. Bxc6 Rxc6 32. Kg2 Ra6 33. a3 Rc6 34.
Kf3 Rh6 35. Rbe1 Kd7 36. R1e2 Rh1 37. fxe6+ fxe6 38. Kf4 Rh8 39. Kg5 Rg8+ 40.
Kh4 Rh8+ 41. Rh5 Rg8 42. Rh7+ 1-0

[Event "SK Bocholt 1 - TV Borken 1"]
[Site "Regionalliga Münsterland 2019"]
[Date "2020.01.11"]
[Round "5.5"]
[White "Farwick, Christian"]
[Black "Steiner, Karl"]
[Result "1/2-1/2"]
[WhiteElo "1843"]
[BlackElo "1894"]
[PlyCount "69"]
[EventDate "2020.??.??"]
[SourceDate "2019.09.14"]

1. Nf3 Nf6 2. d4 e6 3. Bf4 b6 4. e3 Bb7 5. Nbd2 Be7 6. c3 O-O 7. Bd3 d5 8. Ne5
Nbd7 9. Qf3 c5 10. h4 Ne8 11. Qh3 Nxe5 12. Bxe5 Bd6 13. f4 Bc8 14. g4 f6 15.
Bxd6 Nxd6 16. Qg2 Bb7 17. g5 Kh8 18. Nf3 Qe7 19. Qg4 Ne4 20. h5 fxg5 21. Bxe4
dxe4 22. Nxg5 Rf6 23. O-O-O Bd5 24. Rh2 h6 25. c4 Bxc4 26. Nxe4 Rff8 27. Nd2
Bd3 28. Nf3 Bf5 29. Qh4 Rf6 30. Re1 cxd4 31. Nxd4 Qc5+ 32. Kd1 Rd8 33. Rd2 Qa5
34. e4 Bh7 35. Re3 1/2-1/2

[Event "SK Bocholt 1 - TV Borken 1"]
[Site "Regionalliga Münsterland 2019"]
[Date "2020.01.11"]
[Round "5.7"]
[White "Klueppel, Ralf"]
[Black "Murina, Reinhard"]
[Result "0-1"]
[WhiteElo "1784"]
[BlackElo "1920"]
[PlyCount "90"]
[EventDate "2020.??.??"]
[SourceDate "2019.09.14"]

1. d4 Nf6 2. Nf3 g6 3. g3 d5 4. Bg2 c6 5. O-O Bg7 6. h3 O-O 7. Be3 Re8 8. Ne5
Be6 9. Nd2 Nfd7 10. Ndf3 f6 11. Nd3 a5 12. a3 Kh8 13. Qd2 Bg8 14. Bh6 e5 15.
Bxg7+ Kxg7 16. dxe5 fxe5 17. Nh2 Nf6 18. b4 Nbd7 19. Nb2 axb4 20. axb4 Qe7 21.
Rfb1 Nb6 22. c3 Qc7 23. Nf1 Be6 24. Qd1 Rad8 25. Nd2 Bf5 26. Rc1 Qe7 27. Na4
Nbd7 28. Qb3 Be6 29. Qc2 b5 30. Nb2 Ra8 31. Qd1 e4 32. Rxa8 Rxa8 33. Nb3 Ra2
34. Qc2 Ne5 35. Qb1 Ra8 36. Qc2 Bf5 37. g4 Bxg4 38. hxg4 Nfxg4 39. Nd1 Qh4 40.
Qd2 Rf8 41. Ra1 e3 42. Ra7+ Kh8 43. Nxe3 Qxf2+ 44. Kh1 Qh4+ 45. Kg1 Qh2# 0-1

[Event "SK Bocholt 1 - TV Borken 1"]
[Site "Regionalliga Münsterland 2019"]
[Date "2020.01.11"]
[Round "5.8"]
[White "Hunhoff, Andreas"]
[Black "Theissen, Frank"]
[Result "1/2-1/2"]
[WhiteElo "1798"]
[BlackElo "1706"]
[PlyCount "25"]
[EventDate "2020.??.??"]
[SourceDate "2019.09.14"]

1. f4 d5 2. Nf3 c5 3. e3 a6 4. b3 Nc6 5. Bb2 Nf6 6. Be2 e6 7. O-O b5 8. Ne5 Bb7
9. Bf3 Bd6 10. Nxc6 Bxc6 11. Nc3 O-O 12. Ne2 Rc8 13. Rb1 1/2-1/2

[Event "SK Metelen 1 - SC Gronau 1"]
[Site "Regionalliga Münsterland 2019"]
[Date "2020.01.11"]
[Round "5.1"]
[White "Monsma, Menno"]
[Black "Bernink, Henk"]
[Result "1-0"]
[WhiteElo "2062"]
[BlackElo "2029"]
[PlyCount "71"]
[EventDate "2020.??.??"]
[SourceDate "2019.09.14"]

1. e4 c6 2. d4 d5 3. exd5 cxd5 4. c4 Nf6 5. Nc3 g6 6. cxd5 Nxd5 7. Nf3 Nxc3 8.
bxc3 Bg7 9. Bd3 Qc7 10. O-O O-O 11. Bd2 b6 12. Be4 Bb7 13. Bxb7 Qxb7 14. Qe2 e6
15. Bf4 Nc6 16. Rac1 Rac8 17. Rfe1 Rfd8 18. Ng5 Qe7 19. Qf3 Na5 20. Ne4 Rd5 21.
Be5 f5 22. Bxg7 Kxg7 23. Nc5 Rd6 24. Nd3 Nc4 25. Qe2 Kf7 26. g3 Rc7 27. h4 h6
28. Qf3 b5 29. Re2 Nb6 30. Rce1 Nd5 31. Nc5 Rcc6 32. Nxe6 Rxc3 33. Qg2 Qf6 34.
Re5 f4 35. Nxf4 Nxf4 36. Qb7+ 1-0

[Event "SK Metelen 1 - SC Gronau 1"]
[Site "Regionalliga Münsterland 2019"]
[Date "2020.01.11"]
[Round "5.2"]
[White "Koch, Alexander"]
[Black "Buendgen, Achim"]
[Result "1/2-1/2"]
[WhiteElo "2027"]
[BlackElo "2072"]
[PlyCount "91"]
[EventDate "2020.??.??"]
[SourceDate "2019.09.14"]

1. e4 e5 2. Nf3 d6 3. d4 Nf6 4. Nc3 Nbd7 5. Bc4 Be7 6. O-O O-O 7. h3 c6 8. dxe5
dxe5 9. Be3 b5 10. Bd3 Qc7 11. Ne2 Nc5 12. Ng3 Rd8 13. Qe2 h6 14. Rfd1 Be6 15.
b3 a5 16. a4 bxa4 17. Bxc5 Bxc5 18. Rxa4 Bb4 19. Rc1 Nd7 20. Bc4 Bxc4 21. bxc4
Nc5 22. Ra2 Ne6 23. c3 Nf4 24. Qc2 Bc5 25. Ne1 Rd7 26. Kh2 Rad8 27. Nf1 Ne6 28.
Rb1 Ra8 29. Nd3 Qd6 30. Rd1 Nf4 31. Nb2 Qg6 32. g3 Rxd1 33. Nxd1 Ne6 34. Nde3
Ng5 35. Nf5 Qh5 36. h4 Ne6 37. Kg2 Qg6 38. N1e3 h5 39. Qd1 Nf8 40. Qa1 Qe6 41.
Rxa5 Rxa5 42. Qxa5 Nd7 43. Qd8+ Bf8 44. Nd1 g6 45. Nfe3 Kg7 46. Nb2 1/2-1/2

[Event "SK Metelen 1 - SC Gronau 1"]
[Site "Regionalliga Münsterland 2019"]
[Date "2020.01.11"]
[Round "5.3"]
[White "Ellenbroek, Ton"]
[Black "Grotenhuis, Gerard"]
[Result "0-1"]
[WhiteElo "1986"]
[BlackElo "1894"]
[PlyCount "74"]
[EventDate "2020.??.??"]
[SourceDate "2019.09.14"]

1. c4 f5 2. Nc3 Nf6 3. g3 c6 4. Bg2 e6 5. d3 d5 6. e4 dxe4 7. dxe4 Qxd1+ 8.
Kxd1 Bc5 9. Be3 Nbd7 10. Ke2 O-O 11. Nh3 Ng4 12. Bxc5 Nxc5 13. b4 Nxe4 14. Nxe4
fxe4 15. Bxe4 e5 16. f3 Nf6 17. Nf2 Be6 18. Rac1 Rad8 19. b5 Nxe4 20. Nxe4 Rd4
21. bxc6 bxc6 22. c5 Bc4+ 23. Rxc4 Rxc4 24. Rb1 Rc2+ 25. Ke3 Rxa2 26. Rb3 a5
27. Nd6 Rc2 28. Ne4 a4 29. Rb7 a3 30. Ra7 a2 31. Ng5 h6 32. Ne6 Rf7 33. Ra8+
Kh7 34. f4 exf4+ 35. gxf4 Rxh2 36. Kd4 Kg6 37. Ra3 Kf5 0-1

[Event "SK Metelen 1 - SC Gronau 1"]
[Site "Regionalliga Münsterland 2019"]
[Date "2020.01.11"]
[Round "5.4"]
[White "Zachej, Arne"]
[Black "Luetkehermoelle, Martin"]
[Result "1-0"]
[WhiteElo "1854"]
[BlackElo "1952"]
[PlyCount "79"]
[EventDate "2020.??.??"]
[SourceDate "2019.09.14"]

1. d4 Nf6 2. Bf4 e6 3. e3 c5 4. c3 d5 5. Nf3 Nc6 6. Nbd2 cxd4 7. exd4 Bd6 8.
Bg3 a6 9. Bd3 h6 10. Ne5 Bxe5 11. dxe5 Nd7 12. Qe2 Nc5 13. Bc2 b5 14. Nf3 Bb7
15. O-O Rc8 16. Rad1 Qc7 17. Rfe1 Nd7 18. Rxd5 Nb4 19. Rd2 Nxc2 20. Rxc2 Bd5
21. Nd4 O-O 22. f4 Qb7 23. f5 Nc5 24. Qg4 Be4 25. f6 Bg6 26. Rce2 Nd3 27. Rd1
Nc5 28. Bf4 h5 29. Qh4 Ne4 30. Bg5 Nxg5 31. Qxg5 Rc5 32. Nxe6 fxe6 33. Qxg6 Rc7
34. Red2 Qc8 35. Rd4 Rcf7 36. Qxh5 gxf6 37. exf6 Rh7 38. Qg5+ Kh8 39. Rh4 Rff7
40. Rxh7+ 1-0

[Event "SK Metelen 1 - SC Gronau 1"]
[Site "Regionalliga Münsterland 2019"]
[Date "2020.01.11"]
[Round "5.5"]
[White "Storck, Martin"]
[Black "Wigger, Frank"]
[Result "1/2-1/2"]
[WhiteElo "1958"]
[BlackElo "1820"]
[PlyCount "50"]
[EventDate "2020.??.??"]
[SourceDate "2019.09.14"]

1. c4 b6 2. Nc3 Bb7 3. e4 e5 4. Nf3 Nc6 5. Be2 Nf6 6. a3 Be7 7. O-O O-O 8. d3
d6 9. h3 Nd7 10. Be3 f5 11. exf5 Rxf5 12. Nh2 Rf8 13. Bf3 Rb8 14. Bd5+ Kh8 15.
Ng4 Nd4 16. Bxd4 exd4 17. Bxb7 dxc3 18. Bd5 cxb2 19. Rb1 Nf6 20. Rxb2 Nxd5 21.
cxd5 Qd7 22. Ne3 Bf6 23. Rb4 a5 24. Re4 Rbc8 25. Qc2 Rf7 1/2-1/2

[Event "SK Metelen 1 - SC Gronau 1"]
[Site "Regionalliga Münsterland 2019"]
[Date "2020.01.11"]
[Round "5.6"]
[White "Denkler, Juergen"]
[Black "Langendijk, Andre"]
[Result "1-0"]
[WhiteElo "1683"]
[BlackElo "1926"]
[PlyCount "95"]
[EventDate "2020.??.??"]
[SourceDate "2019.09.14"]

1. d4 Nf6 2. c4 e6 3. Nf3 b6 4. Nc3 Bb4 5. a3 Bxc3+ 6. bxc3 O-O 7. e3 d6 8. Bd3
Nc6 9. O-O e5 10. e4 h6 11. h3 Re8 12. Re1 Ba6 13. Bb2 Na5 14. Nd2 c5 15. d5
Rf8 16. Rb1 Rb8 17. Bc1 Rb7 18. Qe2 Qe8 19. Nf1 Re7 20. Ne3 Bc8 21. f3 g6 22.
Ng4 Nxg4 23. hxg4 Kg7 24. Kf2 Rh8 25. Rh1 f6 26. g3 h5 27. gxh5 gxh5 28. Be3
Qg6 29. Rh4 Kf8 30. Rg1 Reh7 31. Ke1 Ke7 32. Qh2 f5 33. Qc2 Rf8 34. exf5 Bxf5
35. Bxf5 Qxf5 36. Qxf5 Rxf5 37. Ke2 Rhf7 38. g4 Rxf3 39. gxh5 R3f5 40. h6 Rh7
41. Rg6 Nb7 42. Rhg4 Nd8 43. Bg5+ Kd7 44. Bxd8 Kxd8 45. Rxd6+ Kc7 46. Re6 a6
47. Ke3 Rh5 48. Rgg6 1-0